Multiple-Choice-Stadtquiz - Offenbach am Main - Statistiken

Allgemein
  • Dieses Quiz wurde 749 mal gespielt
  • Das Durchschnittsergebnis liegt bei 6 aus 10
Antwortstatistiken
Frage Antwort % Korrekt
In welchem Bundesland liegt Offenbach? Hessen
95%
Wie heißt der erfolgreichste Fußballverein aus Offenbach? Kickers Offenbach
89%
Wie heißt die Metropolregion, in der Offenbach liegt? Rhein-Main
71%
Wie heißt ein Stadtteil von Offenbach? Bieber
65%
Welche dieser Institutionen hat ihren Sitz in Offenbach? Deutscher Wetterdienst
60%
Welche dieser wichtigen Autobahnen führt an Offenbach vorbei? A 3
59%
Welches dieser Museen findet man in Offenbach? Deutsches Ledermuseum
49%
Für welches Gebäck ist Offenbach berühmt? Pfeffernüsse
46%
Welches Bild zeigt das Isenburger Schloss in Offenbach?
40%
Wie viele Einwohner hat Offenbach ungefähr? 130.000
26%
Keine übereinstimmenden Quizze gefunden
Verteilung der Resultate
Anzahl Personen mit jedem Resultat
Perzentil nach korrekt beantworteten Fragen
Ihre Resultats-Entwicklung
Sie haben dieses Quiz noch nicht gespielt